Empires of the mind : (Record no. 129694)
[ view plain ]
| 000 -LEADER | |
|---|---|
| fixed length control field | 01877cam a22003738i 4500 |
| 001 - CONTROL NUMBER | |
| control field | 20693299 |
| 003 - CONTROL NUMBER IDENTIFIER | |
| control field | ARRUPE |
| 005 - DATE AND TIME OF LATEST TRANSACTION | |
| control field | 20190814113710.0 |
| 008 - FIXED-LENGTH DATA ELEMENTS--GENERAL INFORMATION | |
| fixed length control field | 181002s2019 enk b 001 0 eng |
| 010 ## - LIBRARY OF CONGRESS CONTROL NUMBER | |
| LC control number | 2018042770 |
| 020 ## - INTERNATIONAL STANDARD BOOK NUMBER | |
| International Standard Book Number | 9781107159587 |
| 040 ## - CATALOGING SOURCE | |
| Original cataloging agency | DLC |
| Language of cataloging | eng |
| Description conventions | rda |
| Transcribing agency | DLC |
| 042 ## - AUTHENTICATION CODE | |
| Authentication code | pcc |
| 050 00 - LIBRARY OF CONGRESS CALL NUMBER | |
| Classification number | JC359 |
| Item number | .G465 2019 |
| 082 00 - DEWEY DECIMAL CLASSIFICATION NUMBER | |
| Classification number | 325/.32 |
| Edition number | 23 |
| 300 ## - PHYSICAL DESCRIPTION | |
| Dimensions | 23cm. |
| 100 1# - MAIN ENTRY--PERSONAL NAME | |
| Personal name | Gildea, Robert, |
| Relator term | author. |
| 9 (RLIN) | 47787 |
| 245 10 - TITLE STATEMENT | |
| Title | Empires of the mind : |
| Remainder of title | the colonial past and the politics of the present / |
| Statement of responsibility, etc | Robert Gildea, University of Oxford. |
| 260 ## - PUBLICATION, DISTRIBUTION, ETC. (IMPRINT) | |
| Place of publication, distribution, etc | Cambridge |
| Name of publisher, distributor, etc | Cambridge University Press |
| Date of publication, distribution, etc | 2019 |
| 263 ## - PROJECTED PUBLICATION DATE | |
| Projected publication date | 1901 |
| 300 ## - PHYSICAL DESCRIPTION | |
| Extent | viii, 358p. ; |
| 504 ## - BIBLIOGRAPHY, ETC. NOTE | |
| Bibliography, etc | Includes bibliographical references and index. |
| 505 0# - FORMATTED CONTENTS NOTE | |
| Formatted contents note | Empires constructed and contested -- Empires in crisis : two world wars -- The imperialism of decolonisation -- Neo-colonialism, new global empire -- Colonising in reverse and colonialist backlash -- Europe : in or out? -- Islamism and the retreat to monocultural nationalism -- Hubris and nemesis : Iraq, the colonial fracture and global economic crisis -- The empire strikes back -- Fantasy, anguish and working through. |
| 650 #0 - SUBJECT ADDED ENTRY--TOPICAL TERM | |
| Topical term or geographic name as entry element | Imperialism |
| General subdivision | History. |
| 9 (RLIN) | 9126 |
| 650 #0 - SUBJECT ADDED ENTRY--TOPICAL TERM | |
| Topical term or geographic name as entry element | Imperialism |
| General subdivision | Social aspects. |
| 9 (RLIN) | 47788 |
| 650 #0 - SUBJECT ADDED ENTRY--TOPICAL TERM | |
| Topical term or geographic name as entry element | Postcolonialism |
| General subdivision | History. |
| 9 (RLIN) | 47789 |
| 650 #0 - SUBJECT ADDED ENTRY--TOPICAL TERM | |
| Topical term or geographic name as entry element | Postcolonialism |
| General subdivision | Social aspects. |
| 9 (RLIN) | 47790 |
| 650 #0 - SUBJECT ADDED ENTRY--TOPICAL TERM | |
| Topical term or geographic name as entry element | International organization. |
| 9 (RLIN) | 7905 |
| 650 #0 - SUBJECT ADDED ENTRY--TOPICAL TERM | |
| Topical term or geographic name as entry element | World politics |
| Chronological subdivision | 21st century. |
| 9 (RLIN) | 47791 |
| 906 ## - LOCAL DATA ELEMENT F, LDF (RLIN) | |
| a | 7 |
| b | cbc |
| c | orignew |
| d | 1 |
| e | ecip |
| f | 20 |
| g | y-gencatlg |
| 942 ## - ADDED ENTRY ELEMENTS (KOHA) | |
| Source of classification or shelving scheme | Library of Congress Classification |
| Koha item type | Monograph ( Printed materials) |
| Withdrawn status | Lost status | Source of classification or shelving scheme | Damaged status | Not for loan | Collection code | Home library | Current library | Shelving location | Date acquired | Total Checkouts | Full call number | Barcode | Date last seen | Price effective from | Koha item type |
|---|---|---|---|---|---|---|---|---|---|---|---|---|---|---|---|
| Library of Congress Classification | Main Collection | ARRUPE LIBRARY | ARRUPE LIBRARY | Main Collection | 14/08/2019 | JC359 .G465 2019 | 46600005019 | 14/08/2019 | 14/08/2019 | Monograph ( Printed materials) |